00528nam a22001817a 450000500170000001000320001702000260004903500330007503700160010808200110012410000200013524500470015526000410020227000420024330000210028565000220030665000180032820181116121042.0 aB-159528,B-159538, B-159556 c295.00a9788176501613 aB-159528, B-159538,B-159556 bCen Lib/Ret aNbJOS aJoshi, Himanshu aBlack water :cby Himanshu Joshi bnovel / aNew Delhi bStar publications c2005 bNew Delhi a4/5 Asaf ali roade110002 a174p.c20cm(pbk) aHindi literature  aHindi fiction